Visualizzazione normale
Vista MARC
- CANZONE ITALIAN [DISCHI]
di Topical Term
Records bibliografici associati: 1
001 - CONTROL NUMBER
- control field: 13033
003 - CONTROL NUMBER IDENTIFIER
- control field: IT-RoPau
005 - DATE AND TIME OF LATEST TRANSACTION
- control field: 20140212112726.0
008 - FIXED-LENGTH DATA ELEMENTS
- fixed length control field: 140212|| aca||aabn | a|a d
040 ## - CATALOGING SOURCE
- Original cataloging agency: IT-RoPau
- Transcribing agency: IT-RoPau
150 ## - HEADING--TOPICAL TERM
- Topical term or geographic name entry element: CANZONE ITALIAN [DISCHI]
- : Codice MATERIA SPICS: 9950
670 ## - SOURCE DATA FOUND
- Source citation: Work cat.: (IT-RoPau)101856: Morese A. 13030, Pendolare (Il)